000 00748nam a22002177a 4500
003 UA-OsUOA
001 41608
007 ta
008 20061004b un ||||| |||| 00| 0 ukr d
090 _a94(477).06
_bД30
942 _cBK
040 _aUA-OsUOA
_bukr
_cUA-OsUOA
_dUA-OsUOA
245 _aДемократична революція 1905-1907 рр. в Україні: актуальні проблеми вивчення
_bМатеріали міжрегіональної наукової конференції
300 _a177 с.
955 _a2
041 _aukr
080 _a94(477).06
260 _aДніпропетровськ
_c2005
650 7 _a9 Географія. Біографії. Історія
_2UDC
999 _c327744
_d327744